The noble scholar, jurist, historian


 His Excellency Dr. Abdul Wahhab bin Ibrahim Abu Sulaiman, may Allah have mercy on him.


 He was born in Umm Al-Qura in the year 1356 AH.

أديب مكة : (Record no. 12063)

MARC details
000 -LEADER
fixed length control field 01509cam a2200313 i 4500
003 - CONTROL NUMBER IDENTIFIER
control field SA-RiAUC
005 - DATE AND TIME OF LATEST TRANSACTION
control field 20250924045227.0
008 - FIXED-LENGTH DATA ELEMENTS--GENERAL INFORMATION
fixed length control field 250922s2012 su g b 000r0bara c
020 ## - INTERNATIONAL STANDARD BOOK NUMBER
International Standard Book Number 9789960617657
020 ## - INTERNATIONAL STANDARD BOOK NUMBER
International Standard Book Number 9789960617657
040 ## - CATALOGING SOURCE
Original cataloging agency KW-KcNLK
Language of cataloging ara
Transcribing agency SA-RiAUC
Modifying agency SA-RiKAPL
Description conventions rda
082 04 - DEWEY DECIMAL CLASSIFICATION NUMBER
Classification number 928.1
Assigning agency SA-RiAUC
090 ## - LOCALLY ASSIGNED LC-TYPE CALL NUMBER (OCLC); LOCAL CALL NUMBER (RLIN)
Classification number (OCLC) (R) ; Classification number, CALL (RLIN) (NR) 928.1
Local cutter number (OCLC) ; Book number/undivided call number, CALL (RLIN) م ا ل
100 1# - MAIN ENTRY--PERSONAL NAME
Personal name المالكي، سعيد بن مسفر
Relator term مؤلف.
245 10 - TITLE STATEMENT
Title أديب مكة :
Remainder of title جعفر لبني : دراسة لحياته ومخطوطته "الحديث شجون" /
Statement of responsibility, etc. سعيد بن مسفر المالكي.
250 ## - EDITION STATEMENT
Edition statement الطبعة الأولى.
264 #1 - PRODUCTION, PUBLICATION, DISTRIBUTION, MANUFACTURE, AND COPYRIGHT NOTICE
Place of production, publication, distribution, manufacture [مكة المكرمة] :
-- بيروت :
Name of producer, publisher, distributor, manufacturer نادي مكة الثقافة الأدبي ؛
-- مؤسسة الانتشار العربي،
Date of production, publication, distribution, manufacture, or copyright notice [2012]
300 ## - PHYSICAL DESCRIPTION
Extent 99 صفحة ؛
Dimensions 24 سم
336 ## - CONTENT TYPE
Content type term نص
Content type code txt
Source rdacontent
Materials specified كتاب
337 ## - MEDIA TYPE
Media type term بدون وسيط
Media type code n
Source rdamedia
338 ## - CARRIER TYPE
Carrier type term مجلد
Carrier type code nc
Source rdacarrier
504 ## - BIBLIOGRAPHY, ETC. NOTE
Bibliography, etc. note يشتمل على إرجاعات ببليوجرافية.
600 14 - SUBJECT ADDED ENTRY--PERSONAL NAME
Personal name جعفر لبني، جعفر بن أبي بكر بن جعفر،
Dates associated with a name 1282-1342 هجري
Source of heading or term aucnm
650 #7 - SUBJECT ADDED ENTRY--TOPICAL TERM
Topical term or geographic name entry element الأدباء السعوديون
Form subdivision تراجم
Source of heading or term aucsh
650 #7 - SUBJECT ADDED ENTRY--TOPICAL TERM
Topical term or geographic name entry element الأدب العربي
Geographic subdivision السعودية
General subdivision تاريخ ونقد
Source of heading or term aucsh
700 12 - ADDED ENTRY--PERSONAL NAME
Relationship information شرح لـ (عمل) :
Personal name جعفر لبني، جعفر بن أبي بكر بن جعفر،
Dates associated with a name 1282-1342 هجري.
Title of a work الحديث شجون.
942 ## - ADDED ENTRY ELEMENTS (KOHA)
Source of classification or shelving scheme Dewey Decimal Classification
Koha item type Books
Suppress in OPAC No
949 ## - LOCAL PROCESSING INFORMATION (OCLC)
a SA-JeALM
d 250922
u mohamedma123
n 1
Holdings
Withdrawn status Lost status Source of classification or shelving scheme Damaged status Not for loan Home library Current library Date acquired Total checkouts Full call number Barcode Date last seen Price effective from Koha item type
    Dewey Decimal Classification     DR AbdElwahab Library DR AbdElwahab Library 09/24/2025   928.1 م ا ل 000019410 09/24/2025 09/24/2025 Books
    Dewey Decimal Classification     DR AbdElwahab Library DR AbdElwahab Library 10/02/2025   928.1 م ا ل 000019822 10/02/2025 10/02/2025 Books